[Event "polanica2018-C"]
[Site "?"]
[Date "2018.08.22"]
[Round "5.2"]
[White "Trzebinski, Patryk"]
[Black "Butyrowski, Marcel"]
[Result "1-0"]
[BlackElo "1896"]
[WhiteElo "1629"]
[LiveChessVersion "1.4.8"]

1. e4 {[%clk 1:30:58]} c5 {[%clk 1:30:44]} 2. Nf3 {[%clk 1:31:20]} Nc6
{[%clk 1:31:04]} 3. d4 {[%clk 1:31:44]} cxd4 {[%clk 1:31:28]} 4. Nxd4
{[%clk 1:31:56]} g6 {[%clk 1:31:52]} 5. Nxc6 {[%clk 1:32:11]} bxc6
{[%clk 1:32:15]} 6. Qd4 {[%clk 1:32:18]} Nf6 {[%clk 1:32:39]} 7. e5
{[%clk 1:32:42]} Nd5 {[%clk 1:33:05]} 8. e6 {[%clk 1:33:07]} Nf6 {[%clk 1:33:27]}
9. exd7+ {[%clk 1:33:31]} Bxd7 {[%clk 1:32:37]} 10. Bc4 {[%clk 1:33:33]} Bg7
{[%clk 1:32:31]} 11. O-O {[%clk 1:33:40]} O-O {[%clk 1:32:29]} 12. Qh4
{[%clk 1:31:07]} Re8 {[%clk 1:30:45]} 13. Rd1 {[%clk 1:29:59]} Qb6
{[%clk 1:23:54]} 14. Bb3 {[%clk 1:29:37]} Bg4 {[%clk 1:20:08]} 15. Be3
{[%clk 1:28:27]} Qa5 {[%clk 1:18:22]} 16. f3 {[%clk 1:28:07]} Bf5
{[%clk 1:17:33]} 17. Nc3 {[%clk 1:27:56]} Rad8 {[%clk 1:15:50]} 18. Qa4
{[%clk 1:17:32]} Qe5 {[%clk 1:06:07]} 19. Qxa7 {[%clk 1:16:22]} Ra8
{[%clk 0:59:10]} 20. Qc5 {[%clk 1:15:06]} Qc7 {[%clk 0:56:54]} 21. Qb6
{[%clk 1:05:17]} Qc8 {[%clk 0:51:15]} 22. Bg5 {[%clk 0:59:23]} Nd7
{[%clk 0:44:22]} 23. Qe3 {[%clk 0:58:01]} h5 {[%clk 0:37:05]} 24. h3
{[%clk 0:54:07]} Ne5 {[%clk 0:33:01]} 25. Bf4 {[%clk 0:52:31]} Ra5
{[%clk 0:31:31]} 26. Rd2 {[%clk 0:46:17]} h4 {[%clk 0:28:26]} 27. Rad1
{[%clk 0:45:21]} Bf6 {[%clk 0:25:50]} 28. Ne4 {[%clk 0:42:16]} Bxe4
{[%clk 0:23:04]} 29. Qxe4 {[%clk 0:42:36]} Kg7 {[%clk 0:23:19]} 30. Bxe5
{[%clk 0:42:16]} Rxe5 {[%clk 0:23:00]} 31. Qc4 {[%clk 0:41:27]} Rf8
{[%clk 0:22:31]} 32. Ba4 {[%clk 0:39:44]} Rg5 {[%clk 0:21:40]} 33. Kh1
{[%clk 0:38:16]} Qb8 {[%clk 0:20:58]} 34. Bxc6 {[%clk 0:34:53]} Rc8
{[%clk 0:19:35]} 35. Qa6 {[%clk 0:31:26]} Rf8 {[%clk 0:13:00]} 36. c3
{[%clk 0:30:13]} Qg3 {[%clk 0:12:43]} 37. f4 {[%clk 0:29:28]} Qxf4
{[%clk 0:12:55]} 38. Qf1 {[%clk 0:27:21]} Qc7 {[%clk 0:12:05]} 39. Bb5
{[%clk 0:25:11]} Rb8 {[%clk 0:11:05]} 40. a4 {[%clk 0:25:02]} Rf5
{[%clk 0:10:12]} 41. Qc4 {[%clk 0:24:22]} Qg3 {[%clk 0:10:08]} 42. Qd3
{[%clk 0:22:17]} Qf4 {[%clk 0:09:51]} 43. Rf1 {[%clk 0:21:00]} Qg5
{[%clk 0:09:17]} 44. Rxf5 {[%clk 0:21:18]} gxf5 {[%clk 0:09:38]} 45. Rf2
{[%clk 0:20:13]} e6 {[%clk 0:09:14]} 46. Qd2 {[%clk 0:18:00]} Qg6
{[%clk 0:07:51]} 47. Qf4 {[%clk 0:17:42]} Rd8 {[%clk 0:07:49]} 48. a5
{[%clk 0:16:41]} Rd5 {[%clk 0:07:27]} 49. c4 {[%clk 0:16:44]} Be5
{[%clk 0:07:20]} 50. Qf3 {[%clk 0:16:42]} Rd4 {[%clk 0:06:44]} 51. a6
{[%clk 0:16:31]} Rf4 {[%clk 0:06:39]} 52. Qe3 {[%clk 0:16:23]} Re4
{[%clk 0:06:47]} 53. Qf3 {[%clk 0:11:57]} Kh7 {[%clk 0:06:11]} 54. Rf1
{[%clk 0:11:47]} Rf4 {[%clk 0:05:11]} 55. Qd3 {[%clk 0:11:01]} Qg3
{[%clk 0:04:25]} 56. Rxf4 {[%clk 0:09:17]} Qxf4 {[%clk 0:04:47]} 57. g3
{[%clk 0:06:01]} hxg3 {[%clk 0:04:17]} 58. Qe2 {[%clk 0:05:16]} Bd4
{[%clk 0:03:58]} 59. Be8 {[%clk 0:03:52]} Qc1+ {[%clk 0:03:55]} 60. Kg2
{[%clk 0:04:18]} Qg1+ {[%clk 0:04:02]} 61. Kf3 {[%clk 0:04:32]} e5
{[%clk 0:03:57]} 62. Bb5 {[%clk 0:03:27]} Kg6 {[%clk 0:03:16]} 63. Bc6
{[%clk 0:02:07]} Qh1+ {[%clk 0:01:29]} 64. Qg2 {[%clk 0:02:24]} e4+
{[%clk 0:00:40]} 65. Bxe4 {[%clk 0:02:45]} fxe4+ {[%clk 0:00:55]} 66. Kxg3
{[%clk 0:03:07]} Be5+ {[%clk 0:00:36]} 67. Kf2+ {[%clk 0:03:15]} Qxg2+
{[%clk 0:00:57]} 68. Kxg2 {[%clk 0:03:32]} Bd4 {[%clk 0:01:10]} 69. b4
{[%clk 0:03:08]} Ba7 {[%clk 0:01:17]} 70. c5 {[%clk 0:03:18]} Kf6
{[%clk 0:01:24]} 71. h4 {[%clk 0:03:04]} Ke5 {[%clk 0:01:05]} 72. h5
{[%clk 0:02:33]} e3 {[%clk 0:00:56]} 73. h6 {[%clk 0:02:20]} Kd4 {[%clk 0:00:59]}
74. h7 {[%clk 0:02:28]} Kd3 {[%clk 0:00:35]} 75. h8=Q {[%clk 0:02:41]} e2
{[%clk 0:00:51]} 76. Qd8+ {[%clk 0:03:02]} Ke3 {[%clk 0:01:03]} 77. Qe7+
{[%clk 0:03:20]} Kd2 {[%clk 0:01:24]} 78. Kf2 {[%clk 0:03:40]} Bxc5+
{[%clk 0:01:12]} 79. bxc5 {[%clk 0:04:03]} f5 {[%clk 0:01:16]} 80. Qxe2+
{[%clk 0:04:23]} Kc1 {[%clk 0:01:44]} 81. Qa2 {[%clk 0:04:21]} f4
{[%clk 0:01:53]} 82. Ke2 {[%clk 0:04:39]} f3+ {[%clk 0:02:15]} 83. Kd3
{[%clk 0:05:05]} f2 {[%clk 0:02:38]} 84. Qc2# {[%clk 0:05:24]} 1-0

[Event "polanica2018-C"]
[Site "?"]
[Date "2018.08.22"]
[Round "5.3"]
[White "Podgorski, Maciej"]
[Black "Hasterok, Mateusz"]
[Result "1/2-1/2"]
[BlackElo "1868"]
[WhiteElo "1831"]
[LiveChessVersion "1.4.8"]

1. e4 {[%clk 1:30:33]} c5 {[%clk 1:30:56]} 2. Nf3 {[%clk 1:27:50]} Nc6
{[%clk 1:31:22]} 3. d4 {[%clk 1:26:25]} cxd4 {[%clk 1:31:46]} 4. Nxd4
{[%clk 1:26:48]} Qb6 {[%clk 1:32:13]} 5. Nxc6 {[%clk 1:24:16]} bxc6
{[%clk 1:32:31]} 6. Nc3 {[%clk 1:24:18]} g6 {[%clk 1:29:42]} 7. Be3
{[%clk 1:18:17]} Qb8 {[%clk 1:27:04]} 8. Bc4 {[%clk 1:14:09]} Bg7
{[%clk 1:25:34]} 9. Bb3 {[%clk 1:10:30]} d6 {[%clk 1:19:13]} 10. Qd2
{[%clk 1:03:59]} Be6 {[%clk 1:14:26]} 11. O-O {[%clk 0:52:45]} Nf6
{[%clk 0:59:06]} 12. Bh6 {[%clk 0:47:41]} O-O {[%clk 0:57:16]} 13. Bxg7
{[%clk 0:47:07]} Kxg7 {[%clk 0:57:40]} 14. f4 {[%clk 0:44:57]} Rd8
{[%clk 0:52:44]} 15. Qe2 {[%clk 0:43:09]} Bg4 {[%clk 0:44:45]} 16. Qa6
{[%clk 0:39:23]} Qb6+ {[%clk 0:43:03]} 17. Qxb6 {[%clk 0:39:47]} axb6
{[%clk 0:43:29]} 18. f5 {[%clk 0:38:39]} d5 {[%clk 0:40:04]} 19. h3
{[%clk 0:34:50]} d4 {[%clk 0:40:00]} 20. e5 {[%clk 0:34:15]} Nd7 {[%clk 0:35:14]}
21. hxg4 {[%clk 0:31:46]} dxc3 {[%clk 0:35:18]} 22. Rae1 {[%clk 0:25:25]} cxb2
{[%clk 0:31:50]} 23. fxg6 {[%clk 0:22:23]} Kxg6 {[%clk 0:28:40]} 24. Bxf7+
{[%clk 0:21:41]} Kg5 {[%clk 0:27:14]} 25. Rb1 {[%clk 0:20:11]} Kxg4
{[%clk 0:25:23]} 26. e6 {[%clk 0:18:56]} Ne5 {[%clk 0:24:06]} 27. Rxb2
{[%clk 0:18:34]} Nc4 {[%clk 0:24:05]} 28. Rb3 {[%clk 0:16:25]} Ra3
{[%clk 0:21:12]} 29. Re1 {[%clk 0:11:30]} Rxb3 {[%clk 0:20:20]} 30. axb3
{[%clk 0:11:35]} Na3 {[%clk 0:20:00]} 31. Ra1 {[%clk 0:08:17]} Kg3
{[%clk 0:18:29]} 32. Rf1 {[%clk 0:03:33]} Nxc2 {[%clk 0:18:15]} 33. Rf3+
{[%clk 0:03:59]} Kg4 {[%clk 0:18:36]} 34. Rh3 {[%clk 0:03:14]} Nd4
{[%clk 0:15:10]} 35. Rxh7 {[%clk 0:03:04]} Rd6 {[%clk 0:13:30]} 36. Bg8
{[%clk 0:01:33]} Nf5 {[%clk 0:09:42]} 37. Kh2 {[%clk 0:01:28]} Rd3
{[%clk 0:08:34]} 38. Rh3 {[%clk 0:01:52]} Rxh3+ {[%clk 0:08:51]} 39. gxh3+
{[%clk 0:02:18]} Kh4 {[%clk 0:08:29]} 40. Bh7 {[%clk 0:02:08]} Nd4
{[%clk 0:08:46]} 41. Be4 {[%clk 0:02:24]} Nxb3 {[%clk 0:08:20]} 42. Bxc6
{[%clk 0:02:49]} Nc5 {[%clk 0:08:43]} 43. Bd7 {[%clk 0:02:42]} Nb3
{[%clk 0:07:24]} 44. Kg2 {[%clk 0:02:28]} Nd4 {[%clk 0:07:24]} 45. Kf2
{[%clk 0:02:30]} b5 {[%clk 0:06:59]} 46. Ke3 {[%clk 0:02:40]} Nf5+
{[%clk 0:07:22]} 47. Kd3 {[%clk 0:02:38]} Nd6 {[%clk 0:07:36]} 48. Kc3
{[%clk 0:02:54]} Kxh3 {[%clk 0:07:52]} 49. Kd4 {[%clk 0:01:15]} Kg4
{[%clk 0:07:09]} 50. Ke5 {[%clk 0:01:33]} Kf3 {[%clk 0:06:05]} 51. Kd5
{[%clk 0:01:26]} Ke3 {[%clk 0:05:40]} 52. Kc5 {[%clk 0:01:22]} Ke4
{[%clk 0:05:15]} 53. Bc6+ {[%clk 0:01:32]} Ke5 {[%clk 0:03:38]} 54. Bd7
{[%clk 0:01:48]} Kf6 {[%clk 0:02:52]} 55. Kb4 {[%clk 0:01:56]} Kf5
{[%clk 0:03:12]} 56. Kc5 {[%clk 0:01:52]} Ke5 {[%clk 0:03:15]} 57. Kb4
{[%clk 0:01:52]} Kd5 {[%clk 0:03:31]} 58. Kc3 {[%clk 0:01:27]} Kc5
{[%clk 0:03:35]} 59. Kb2 {[%clk 0:01:14]} Kb4 {[%clk 0:03:39]} 60. Bc6
{[%clk 0:01:15]} Nf5 {[%clk 0:02:44]} 61. Be8 {[%clk 0:00:36]} Nd4
{[%clk 0:03:01]} 62. Bd7 {[%clk 0:00:40]} Kc5 {[%clk 0:03:05]} 63. Kc3
{[%clk 0:00:40]} b4+ {[%clk 0:02:55]} 64. Kd3 {[%clk 0:00:56]} Kd5
{[%clk 0:02:45]} 65. Ba4 {[%clk 0:00:43]} Nxe6 {[%clk 0:02:35]} 66. Bb3+
{[%clk 0:01:05]} Kd6 {[%clk 0:02:52]} 67. Bd1 {[%clk 0:00:42]} Kc5
{[%clk 0:02:33]} 68. Ke4 {[%clk 0:00:43]} Kc4 {[%clk 0:01:28]} 69. Ke5
{[%clk 0:00:36]} Nd4 {[%clk 0:01:54]} 70. Ba4 {[%clk 0:00:44]} Nb3
{[%clk 0:01:20]} 71. Bc6 {[%clk 0:00:35]} Nc5 {[%clk 0:01:29]} 72. Bd5+
{[%clk 0:00:43]} Kc3 {[%clk 0:01:32]} 73. Ba2 {[%clk 0:00:48]} Kb2
{[%clk 0:00:42]} 74. Bg8 {[%clk 0:00:43]} Nd3+ {[%clk 0:00:48]} 75. Ke6
{[%clk 0:00:49]} Kc3 {[%clk 0:00:53]} 76. Kxe7 {[%clk 0:00:53]} Nb2
{[%clk 0:01:13]} 77. Kd6 {[%clk 0:00:45]} Nc4+ {[%clk 0:00:58]} 78. Kc5
{[%clk 0:01:01]} Ne5 {[%clk 0:01:21]} 79. Kb5 {[%clk 0:00:54]} Nd7
{[%clk 0:01:30]} 80. Ba2 {[%clk 0:00:56]} b3 {[%clk 0:01:52]} 81. Bxb3 1/2-1/2

[Event "polanica2018-C"]
[Site "?"]
[Date "2018.08.22"]
[Round "5.4"]
[White "Mike, Patryk"]
[Black "Wnek, Filip"]
[Result "1/2-1/2"]
[BlackElo "1695"]
[WhiteElo "1981"]
[LiveChessVersion "1.4.8"]

1. e4 {[%clk 1:30:52]} c5 {[%clk 1:29:57]} 2. Nf3 {[%clk 1:31:05]} Nc6
{[%clk 1:29:17]} 3. Bb5 {[%clk 1:31:20]} e6 {[%clk 1:27:08]} 4. O-O
{[%clk 1:31:02]} Nge7 {[%clk 1:26:07]} 5. c3 {[%clk 1:30:44]} a6 {[%clk 1:24:53]}
6. Ba4 {[%clk 1:30:32]} b5 {[%clk 1:24:51]} 7. Bc2 {[%clk 1:30:31]} Bb7
{[%clk 1:24:08]} 8. Re1 {[%clk 1:29:16]} Ng6 {[%clk 1:21:13]} 9. d3
{[%clk 1:06:21]} Be7 {[%clk 1:19:06]} 10. Nbd2 {[%clk 1:05:45]} O-O
{[%clk 1:15:48]} 11. Nf1 {[%clk 1:02:44]} d5 {[%clk 1:11:10]} 12. d4
{[%clk 0:41:37]} cxd4 {[%clk 1:08:08]} 13. Nxd4 {[%clk 0:38:31]} Nxd4
{[%clk 1:08:24]} 14. Qxd4 {[%clk 0:36:16]} dxe4 {[%clk 1:07:11]} 15. Bxe4
{[%clk 0:31:14]} Qxd4 {[%clk 1:07:19]} 16. cxd4 {[%clk 0:31:35]} Bxe4
{[%clk 1:07:35]} 17. Rxe4 {[%clk 0:31:58]} Rfd8 {[%clk 1:07:32]} 18. Nd2
{[%clk 0:22:11]} Rd5 {[%clk 1:06:01]} 19. Nf3 {[%clk 0:20:48]} Rad8
{[%clk 1:06:10]} 20. b3 {[%clk 0:18:51]} Bf6 {[%clk 1:05:37]} 21. Bb2
{[%clk 0:18:59]} Ne7 {[%clk 1:03:45]} 22. Rc1 {[%clk 0:18:00]} h6
{[%clk 1:02:27]} 23. g4 {[%clk 0:17:52]} b4 {[%clk 0:59:38]} 24. Kf1
{[%clk 0:17:21]} Ra5 {[%clk 0:57:05]} 25. Ra1 {[%clk 0:17:14]} Nc6
{[%clk 0:57:29]} 26. Ke2 {[%clk 0:17:13]} Rd6 {[%clk 0:48:16]} 27. Ke3
{[%clk 0:14:16]} Bd8 {[%clk 0:45:07]} 28. Ne5 {[%clk 0:12:03]} Rad5
{[%clk 0:37:14]} 29. Nxc6 {[%clk 0:04:45]} Rxc6 {[%clk 0:37:23]} 30. Rc1
{[%clk 0:04:09]} Rxc1 {[%clk 0:36:15]} 31. Bxc1 {[%clk 0:04:33]} Bb6
{[%clk 0:36:16]} 32. Kd3 {[%clk 0:02:53]} Ra5 {[%clk 0:35:49]} 33. Re2
{[%clk 0:02:36]} Rd5 {[%clk 0:35:51]} 34. Be3 {[%clk 0:02:42]} Kf8
{[%clk 0:34:46]} 35. Rc2 {[%clk 0:02:34]} a5 {[%clk 0:34:39]} 36. Rc6
{[%clk 0:02:37]} Bd8 {[%clk 0:34:42]} 37. Kc4 {[%clk 0:02:11]} Ke7
{[%clk 0:34:38]} 38. Rc5 {[%clk 0:02:11]} Rd7 {[%clk 0:34:50]} 39. g5
{[%clk 0:02:03]} hxg5 {[%clk 0:35:10]} 40. Rxg5 {[%clk 0:02:05]} g6
{[%clk 0:35:37]} 41. Rc5 {[%clk 0:02:24]} f6 {[%clk 0:35:50]} 42. Rc6
{[%clk 0:01:43]} Rd5 {[%clk 0:36:03]} 43. Rc5 {[%clk 0:01:48]} Rd7
{[%clk 0:36:28]} 44. h4 {[%clk 0:02:03]} Bb6 {[%clk 0:35:52]} 45. Rb5
{[%clk 0:02:05]} Bd8 {[%clk 0:36:16]} 46. d5 {[%clk 0:02:20]} exd5+
{[%clk 0:36:03]} 47. Rxd5 {[%clk 0:02:40]} Rxd5 {[%clk 0:35:45]} 48. Kxd5
{[%clk 0:02:57]} Kd7 {[%clk 0:36:13]} 49. Bd4 {[%clk 0:02:36]} f5
{[%clk 0:36:01]} 50. h5 {[%clk 0:02:42]} gxh5 {[%clk 0:35:53]} 51. Ke5
{[%clk 0:02:03]} h4 {[%clk 0:35:44]} 52. f4 {[%clk 0:01:32]} Kc6 {[%clk 0:17:45]}
53. Kxf5 {[%clk 0:01:42]} h3 {[%clk 0:17:53]} 54. Bg1 {[%clk 0:02:01]} Kd5
{[%clk 0:18:04]} 55. Kg4 {[%clk 0:02:00]} Ke4 {[%clk 0:18:23]} 56. f5
{[%clk 0:01:11]} Ke5 {[%clk 0:18:33]} 57. Bh2+ {[%clk 0:00:54]} Kf6
{[%clk 0:17:43]} 58. Bd6 {[%clk 0:00:58]} Bb6 {[%clk 0:17:15]} 59. Kxh3
{[%clk 0:01:02]} Kxf5 {[%clk 0:17:36]} 60. a3 {[%clk 0:00:57]} bxa3
{[%clk 0:18:00]} 61. Bxa3 {[%clk 0:01:17]} Ke4 {[%clk 0:18:26]} 62. Kg2
{[%clk 0:01:05]} Kd3 {[%clk 0:18:45]} 63. Kf1 {[%clk 0:01:16]} Kc3
{[%clk 0:19:02]} 64. Ke1 {[%clk 0:01:27]} Kxb3 {[%clk 0:18:35]} 65. Be7
{[%clk 0:01:38]} Kc2 1/2-1/2

[Event "polanica2018-C"]
[Site "?"]
[Date "2018.08.22"]
[Round "5.5"]
[White "Majocha, Piotr"]
[Black "Hryn, Aleksandra"]
[Result "1/2-1/2"]
[BlackElo "1688"]
[WhiteElo "1801"]
[LiveChessVersion "1.4.8"]

1. Nf3 {[%clk 1:30:58]} d6 {[%clk 1:30:45]} 2. d4 {[%clk 1:31:22]} Bg4
{[%clk 1:30:51]} 3. g3 {[%clk 1:31:37]} Bxf3 {[%clk 1:28:33]} 4. exf3
{[%clk 1:32:03]} e6 {[%clk 1:27:32]} 5. Bg2 {[%clk 1:31:46]} Nf6 {[%clk 1:26:41]}
6. O-O {[%clk 1:31:23]} Be7 {[%clk 1:24:56]} 7. Bg5 {[%clk 1:24:59]} d5
{[%clk 1:16:42]} 8. c3 {[%clk 1:25:18]} O-O {[%clk 1:14:05]} 9. Nd2
{[%clk 1:25:19]} Nbd7 {[%clk 1:11:08]} 10. f4 {[%clk 1:23:43]} Rc8
{[%clk 1:06:28]} 11. Bxf6 {[%clk 1:19:40]} Nxf6 {[%clk 1:05:35]} 12. Qf3
{[%clk 1:17:41]} b6 {[%clk 1:01:22]} 13. f5 {[%clk 1:13:27]} exf5
{[%clk 0:58:17]} 14. Qxf5 {[%clk 1:13:51]} c6 {[%clk 0:57:53]} 15. Bh3
{[%clk 1:07:55]} Rc7 {[%clk 0:56:25]} 16. Rfe1 {[%clk 1:02:48]} Bd6
{[%clk 0:54:24]} 17. Re2 {[%clk 0:59:40]} Re7 {[%clk 0:51:14]} 18. Rae1
{[%clk 0:56:58]} Rxe2 {[%clk 0:43:47]} 19. Rxe2 {[%clk 0:52:53]} Qc7
{[%clk 0:43:55]} 20. Re1 {[%clk 0:39:54]} a5 {[%clk 0:41:39]} 21. Bf1
{[%clk 0:39:04]} b5 {[%clk 0:36:23]} 22. Bd3 {[%clk 0:36:57]} Qc8
{[%clk 0:35:19]} 23. Qxc8 {[%clk 0:34:53]} Rxc8 {[%clk 0:35:47]} 24. a3
{[%clk 0:34:20]} Kf8 {[%clk 0:34:17]} 25. f3 {[%clk 0:30:32]} g6 {[%clk 0:32:28]}
26. Kf2 {[%clk 0:30:11]} Re8 {[%clk 0:32:13]} 27. Rxe8+ {[%clk 0:30:24]} Kxe8
{[%clk 0:32:25]} 28. Nb3 {[%clk 0:28:38]} a4 {[%clk 0:30:17]} 29. Nd2
{[%clk 0:28:20]} Ke7 {[%clk 0:30:06]} 30. Bf1 {[%clk 0:28:16]} Nh5
{[%clk 0:27:49]} 1/2-1/2

[Event "polanica2018-C"]
[Site "?"]
[Date "2018.08.22"]
[Round "5.6"]
[White "Jozwik, Jacek"]
[Black "Zianowicz, Dominik"]
[Result "0-1"]
[BlackElo "1950"]
[WhiteElo "1987"]
[LiveChessVersion "1.4.8"]

1. e4 {[%clk 1:30:56]} c6 {[%clk 1:29:47]} 2. d4 {[%clk 1:31:11]} d5
{[%clk 1:30:12]} 3. exd5 {[%clk 1:31:18]} cxd5 {[%clk 1:30:35]} 4. Bd3
{[%clk 1:31:45]} Nc6 {[%clk 1:30:55]} 5. c3 {[%clk 1:32:09]} Nf6 {[%clk 1:31:20]}
6. Bf4 {[%clk 1:32:29]} Bg4 {[%clk 1:31:44]} 7. Qb3 {[%clk 1:32:41]} Qb6
{[%clk 1:31:35]} 8. Qxb6 {[%clk 1:33:00]} axb6 {[%clk 1:31:58]} 9. Na3
{[%clk 1:33:23]} e6 {[%clk 1:31:12]} 10. Nb5 {[%clk 1:33:47]} Kd7
{[%clk 1:30:53]} 11. Ne2 {[%clk 1:33:58]} Bh5 {[%clk 1:29:49]} 12. f3
{[%clk 1:33:36]} Bg6 {[%clk 1:29:56]} 13. Nc1 {[%clk 1:33:52]} Ne8
{[%clk 1:28:16]} 14. Kd2 {[%clk 1:23:30]} Nd6 {[%clk 1:24:41]} 15. Bxd6
{[%clk 1:07:11]} Bxd6 {[%clk 1:25:02]} 16. g3 {[%clk 1:07:16]} Na7
{[%clk 1:14:36]} 17. Nxd6 {[%clk 0:49:35]} Kxd6 {[%clk 1:14:58]} 18. Bxg6
{[%clk 0:48:47]} hxg6 {[%clk 1:15:21]} 19. Nd3 {[%clk 0:48:58]} Nc6
{[%clk 1:14:51]} 20. h4 {[%clk 0:41:25]} b5 {[%clk 1:04:02]} 21. a3
{[%clk 0:41:25]} Na5 {[%clk 1:03:25]} 22. Rae1 {[%clk 0:40:41]} Nc4+
{[%clk 1:02:00]} 23. Kc2 {[%clk 0:40:33]} Rhc8 {[%clk 0:48:53]} 24. Rh2
{[%clk 0:22:32]} Nxa3+ {[%clk 0:44:44]} 25. bxa3 {[%clk 0:19:36]} Rxa3
{[%clk 0:45:10]} 26. Nc1 {[%clk 0:13:44]} Rcxc3+ {[%clk 0:43:34]} 27. Kd2
{[%clk 0:08:53]} Rxf3 {[%clk 0:43:29]} 28. Ne2 {[%clk 0:07:16]} Ra2+
{[%clk 0:43:14]} 29. Kc1 {[%clk 0:06:50]} Rxg3 {[%clk 0:39:50]} 30. Rf2
{[%clk 0:06:12]} f6 {[%clk 0:35:59]} 31. Kb1 {[%clk 0:06:36]} Rga3
{[%clk 0:36:03]} 32. Rc1 {[%clk 0:05:28]} Ra1+ {[%clk 0:35:17]} 33. Kb2
{[%clk 0:05:21]} R3a2+ {[%clk 0:35:07]} 34. Kb3 {[%clk 0:05:04]} Rxe2
{[%clk 0:35:27]} 0-1

[Event "polanica2018-C"]
[Site "?"]
[Date "2018.08.22"]
[Round "5.7"]
[White "Kapral, Krzysztof"]
[Black "Tokmantsev, Ivan"]
[Result "0-1"]
[BlackElo "1727"]
[WhiteElo "1980"]
[LiveChessVersion "1.4.8"]

1. d4 d5 2. Nf3 Nf6 3. g3 c6 4. Bg2 Bf5 5. O-O e6 6. c4 Bd6 7. b3 Nbd7 8. Bb2 O-O
9. Nbd2 h6 10. Ne5 Qc7 11. Nxd7 Qxd7 12. f3 Bh7 13. e4 dxe4 14. fxe4 e5 15. dxe5
Bc5+ 16. Kh1 Ng4 17. Qe2 Rad8 18. b4 Qxd2 19. Qxg4 Qxb2 20. bxc5 Rd2 21. Rab1
Qxa2 22. Bf3 Qxc4 23. Rfc1 Qa2 24. Rxb7 Rxh2+ 25. Kg1 Qf2# 0-1

[Event "polanica2018-C"]
[Site "?"]
[Date "2018.08.22"]
[Round "5.8"]
[White "Syrkiewicz, Michal"]
[Black "Adamczewski, Jedrzej"]
[Result "0-1"]
[BlackElo "1930"]
[WhiteElo "1690"]
[LiveChessVersion "1.4.8"]

1. e4 {[%clk 1:30:55]} c5 {[%clk 1:30:51]} 2. Nf3 {[%clk 1:31:16]} e6
{[%clk 1:31:16]} 3. d4 {[%clk 1:31:26]} cxd4 {[%clk 1:31:41]} 4. Nxd4
{[%clk 1:31:52]} a6 {[%clk 1:32:05]} 5. c4 {[%clk 1:31:47]} Nf6 {[%clk 1:31:21]}
6. Nc3 {[%clk 1:31:26]} Qc7 {[%clk 1:31:29]} 7. Bd3 {[%clk 1:31:09]} Nc6
{[%clk 1:30:07]} 8. Nb3 {[%clk 1:30:49]} b6 {[%clk 1:18:33]} 9. O-O
{[%clk 1:26:37]} Ne5 {[%clk 1:06:30]} 10. Re1 {[%clk 1:17:04]} Be7
{[%clk 0:56:31]} 11. Bf4 {[%clk 1:07:59]} d6 {[%clk 0:53:50]} 12. Rc1
{[%clk 1:03:31]} O-O {[%clk 0:52:50]} 13. Bg3 {[%clk 0:59:31]} Rd8
{[%clk 0:43:02]} 14. f4 {[%clk 0:55:21]} Nxd3 {[%clk 0:42:46]} 15. Qxd3
{[%clk 0:55:42]} Bb7 {[%clk 0:29:46]} 16. Qe2 {[%clk 0:43:21]} Rac8
{[%clk 0:23:39]} 17. Nd2 {[%clk 0:42:57]} Nd7 {[%clk 0:21:08]} 18. Bf2
{[%clk 0:35:47]} Nc5 {[%clk 0:19:26]} 19. Nb3 {[%clk 0:33:08]} Nxb3
{[%clk 0:13:29]} 20. axb3 {[%clk 0:33:20]} Bc6 {[%clk 0:11:32]} 21. Ra1
{[%clk 0:29:55]} Qb7 {[%clk 0:10:27]} 22. g3 {[%clk 0:22:50]} Bf6
{[%clk 0:09:48]} 23. Rad1 {[%clk 0:20:02]} h6 {[%clk 0:09:26]} 24. Bd4
{[%clk 0:18:39]} Bxd4+ {[%clk 0:08:38]} 25. Rxd4 {[%clk 0:19:04]} b5
{[%clk 0:08:34]} 26. Red1 {[%clk 0:17:42]} Qb6 {[%clk 0:08:09]} 27. Kf1
{[%clk 0:16:48]} b4 {[%clk 0:05:25]} 28. Nb1 {[%clk 0:16:12]} d5 {[%clk 0:05:15]}
29. exd5 {[%clk 0:16:07]} exd5 {[%clk 0:05:44]} 30. Qd2 {[%clk 0:16:20]} Re8
{[%clk 0:05:56]} 31. Qf2 {[%clk 0:14:34]} dxc4 {[%clk 0:05:50]} 32. bxc4
{[%clk 0:14:57]} Ba4 {[%clk 0:05:39]} 33. R1d3 {[%clk 0:14:11]} Qb7
{[%clk 0:05:19]} 34. Qf3 {[%clk 0:11:24]} Qe7 {[%clk 0:05:34]} 35. Qf2
{[%clk 0:11:29]} Qe6 {[%clk 0:04:36]} 36. b3 {[%clk 0:10:27]} Qh3+
{[%clk 0:04:46]} 37. Kg1 {[%clk 0:10:37]} Bc6 {[%clk 0:04:58]} 38. Rd1
{[%clk 0:09:35]} Re3 {[%clk 0:03:52]} 39. Rd8+ {[%clk 0:06:10]} Rxd8
{[%clk 0:04:11]} 40. Rxd8+ {[%clk 0:06:36]} Kh7 {[%clk 0:04:36]} 41. Nd2
{[%clk 0:06:25]} Qe6 {[%clk 0:03:22]} 42. Nf1 {[%clk 0:06:02]} Re2
{[%clk 0:03:36]} 43. Qxe2 {[%clk 0:04:17]} Qxe2 {[%clk 0:04:01]} 44. Rd2
{[%clk 0:04:45]} Qe4 {[%clk 0:04:23]} 45. Kf2 {[%clk 0:04:53]} Qf3+
{[%clk 0:04:38]} 46. Ke1 {[%clk 0:05:19]} Qxb3 {[%clk 0:04:54]} 0-1